000 00492nam a2200169Ia 4500
999 _c24159
_d24159
003 OSt
005 20210101112456.0
008 190216s9999||||xx |||||||||||||| ||und||
040 _coclc
082 _a894.8121
_bGOP/A
100 _aGopalapillai, K
_98063
245 0 _aAttakatha /
_cK Gopalapillai
260 _bSahithya Pravarthaka Co-Operative,
_aKollam:
300 _a759p
650 _aMalayalam Literaturte
942 _cBK
_2ddc
_h894.8121
_iGOP/A
_k894.8121
_mGOP/A